000 00438nam a2200181Ia 4500
001 15664
005 20260306170212.0
008 260306t2017||||xx |||||||||||||| ||und||
041 _aESP
082 _a572
_bF34 2017
100 _aFeduchi Canosa, Elena,
_eAUT
245 0 _aBioquímica :
_bconceptos esenciales
260 _c2017
300 _a456 páginas :
_c28 cm.
650 _aGEN
654 _aCCS
942 _cLIB
_dJUS
_fJUS
_2ddc
_n
999 _c15664
_d15664